[Event "ch-RUS Blitz 2017"]
[Site "Sochi RUS"]
[Date "2017.10.02"]
[Round "6.19"]
[White "Gogolev, Artem"]
[Black "Levin, Evgeny A."]
[Result "1-0"]
[BlackTitle "GM"]
[WhiteElo "2408"]
[BlackElo "2532"]
[WhiteFideId "4116615"]
[BlackFideId "4182596"]
[EventDate "2017.10.02"]
[EventType "blitz"]

1. Nf3 Nf6 2. g3 g6 3. b3 Bg7 4. Bb2 b6 5. Bg2 Bb7 6. O-O O-O 7. d4 e6 8. c4 d6
9. Nc3 Ne4 10. Qc2 Nxc3 11. Bxc3 c5 12. Rad1 Qe7 13. Rd2 Nd7 14. Rfd1 Rfd8 15.
dxc5 Nxc5 16. Bxg7 Kxg7 17. Nd4 Bxg2 18. Kxg2 Qb7+ 19. Nf3 Qc6 20. Qc3+ Kg8 21.
Qe3 Rac8 22. Rd4 h5 23. Kg1 Qc7 24. Qh6 Nd7 25. Rxd6 Nf6 26. Qd2 Rxd6 27. Qxd6
Qb7 28. Qd4 Ne4 29. Qd7 Qxd7 30. Rxd7 a5 31. Ne5 Rf8 32. Rb7 Rd8 33. Rxf7 Rd2
34. Re7 Rxe2 35. Nxg6 Nxf2 36. Nf4 Rxa2 37. Rxe6 h4 38. gxh4 Ng4 39. Rg6+ Kf7
40. Rxg4 Rb2 41. Rg3 1-0

[Event "ch-RUS Blitz 2017"]
[Site "Sochi RUS"]
[Date "2017.10.02"]
[Round "6.20"]
[White "Savitskiy, Sergey"]
[Black "Novikov, Maxim"]
[Result "0-1"]
[WhiteTitle "IM"]
[BlackTitle "GM"]
[WhiteElo "2412"]
[BlackElo "2501"]
[WhiteFideId "24105660"]
[BlackFideId "4161289"]
[EventDate "2017.10.02"]
[EventType "blitz"]

1. e4 d6 2. d4 Nf6 3. Nc3 e5 4. Nf3 Nbd7 5. Bc4 Be7 6. O-O O-O 7. Re1 c6 8. a4
a5 9. h3 exd4 10. Nxd4 Nb6 11. Ba2 d5 12. exd5 Nfxd5 13. Nxd5 cxd5 14. c3 Bd7
15. Bb3 Bf6 16. Bc2 Re8 17. Rxe8+ Qxe8 18. Bf4 Nc4 19. b3 Ne5 20. Qd2 Ng6 21.
Re1 Qd8 22. Bg3 Rc8 23. Bd3 Qb6 24. Bb5 Bc6 25. Qd3 Qc5 26. Rc1 Bxd4 27. Qxd4
Bxb5 28. Qxc5 Rxc5 29. axb5 Rxb5 30. c4 dxc4 31. bxc4 Rb3 32. Bd6 f6 33. Ra1 b6
34. c5 bxc5 35. Bxc5 Rb5 36. Bd6 Ne5 37. Bxe5 fxe5 38. Rc1 Kf7 39. Rc7+ Kf6 40.
Ra7 h5 41. h4 g5 42. hxg5+ Kxg5 43. g3 e4 44. Kg2 Kf5 45. Rh7 Kf6 46. Ra7 Ke6
47. Kh3 Kd5 48. Kh4 Kc4 49. Re7 Kd3 50. Rd7+ Ke2 51. Rf7 a4 52. Ra7 Kxf2 53.
Rxa4 Re5 54. Ra2+ Kf3 55. Ra8 e3 56. Rf8+ Kg2 0-1

[Event "ch-RUS Blitz 2017"]
[Site "Sochi RUS"]
[Date "2017.10.02"]
[Round "6.21"]
[White "Nechaev, Oleg"]
[Black "Belyakov, Bogdan"]
[Result "0-1"]
[WhiteTitle "FM"]
[BlackTitle "IM"]
[WhiteElo "2410"]
[BlackElo "2486"]
[WhiteFideId "24113409"]
[BlackFideId "24104795"]
[EventDate "2017.10.02"]
[EventType "blitz"]

1. d4 Nf6 2. Bg5 c5 3. d5 Qb6 4. Nc3 g6 5. e4 Bg7 6. e5 Qxb2 7. Bd2 Nxd5 8. Nxd5
Qxe5+ 9. Be3 e6 10. Nf3 Qxd5 11. Qxd5 exd5 12. O-O-O d4 13. Bf4 O-O 14. Bd6 Re8
15. Bxc5 Nc6 16. Bc4 b6 17. Bxd4 Nxd4 18. Nxd4 Bb7 19. f3 Rac8 20. Bb3 a6 21. a4
Kf8 22. Rd3 Rc5 23. Rhd1 Rce5 24. Bc4 Re1 25. Nb3 Bc6 26. a5 b5 27. Bd5 R1e2 28.
Nc5 b4 29. Bxc6 dxc6 30. Nxa6 Bc3 31. Nc7 0-1

[Event "ch-RUS Blitz 2017"]
[Site "Sochi RUS"]
[Date "2017.10.02"]
[Round "6.22"]
[White "Murzin, Volodar"]
[Black "Kozak, Alexander"]
[Result "1-0"]
[WhiteTitle "FM"]
[BlackTitle "FM"]
[WhiteElo "2280"]
[BlackElo "2315"]
[WhiteFideId "44155573"]
[BlackFideId "4135881"]
[EventDate "2017.10.02"]
[EventType "blitz"]

1. Nf3 f5 2. g3 Nf6 3. Bg2 g6 4. O-O Bg7 5. c4 O-O 6. Nc3 d6 7. d4 c6 8. d5 e5
9. Bg5 h6 10. Bxf6 Qxf6 11. e3 c5 12. Rb1 Nd7 13. Nd2 e4 14. Qe2 Qe7 15. Rbe1
Bxc3 16. bxc3 Qg7 17. Rc1 Ne5 18. f3 exf3 19. Nxf3 Bd7 20. e4 f4 21. gxf4 Rxf4
22. Nxe5 Qxe5 23. Rxf4 Qxf4 24. Rf1 Qe5 25. Qf3 Qg7 26. Qf6 Bg4 27. Qxd6 Re8 28.
Qxc5 Qxc3 29. Qf2 Qg7 30. Qf6 Qxf6 31. Rxf6 Kg7 32. Rd6 Rc8 33. Bf1 Re8 34. Bd3
b6 35. Kf2 g5 36. Ke3 h5 37. Kd4 Rf8 38. e5 Rf4+ 39. Ke3 Bf5 40. Bxf5 Rxf5 41.
Rd7+ Kf8 42. e6 Re5+ 43. Kd4 Re2 44. Rh7 h4 45. c5 bxc5+ 46. Kxc5 Rxh2 47. Kd6
Re2 48. Kd7 Kg8 49. Rh5 Re5 50. d6 Kg7 51. e7 Kg6 52. Rh8 Kf5 53. e8=Q Rxe8 54.
Kxe8 1-0

[Event "ch-RUS Blitz 2017"]
[Site "Sochi RUS"]
[Date "2017.10.02"]
[Round "6.23"]
[White "Tomashevsky, Evgeny"]
[Black "Nazaretyan, Tigran"]
[Result "1-0"]
[WhiteTitle "GM"]
[WhiteElo "2710"]
[BlackElo "2303"]
[WhiteFideId "4147235"]
[BlackFideId "24162345"]
[EventDate "2017.10.02"]
[EventType "blitz"]

1. c4 Nf6 2. Nc3 d6 3. d4 e5 4. Nf3 Nbd7 5. Bg5 Be7 6. e3 c6 7. Qc2 h6 8. Bh4
Qc7 9. Bd3 O-O 10. O-O Re8 11. Rad1 Nf8 12. Bg3 Bg4 13. dxe5 Bxf3 14. exd6 Bxd1
15. Rxd1 Qa5 16. dxe7 Rxe7 17. b4 Qh5 18. Bd6 Re6 19. c5 N8d7 20. Bf5 Ree8 21.
h3 g6 22. Bd3 Ne5 23. Be2 Qf5 24. Qxf5 gxf5 25. Rd4 Ng6 26. Bd3 Ne7 27. Ne2 a5
28. b5 a4 29. a3 Nfd5 30. Ng3 Nc3 31. b6 Nb5 32. Bxb5 cxb5 33. Rb4 Nc8 34. Bc7
f4 35. Bxf4 Rd8 36. Be5 Ne7 37. Bd6 Nc6 38. Rxb5 Ra5 39. Rb1 f6 40. Ne4 Kf7 41.
Kf1 Re8 42. Nc3 Raa8 43. Ke2 Ne5 44. Rb4 Ke6 45. Nb5 Red8 46. Nc7+ Kd7 47. Nxa8
Rxa8 48. Bxe5 fxe5 49. Re4 Ke6 50. f4 Kd5 51. Rxe5+ Kc4 52. f5 Kb3 53. f6 Kxa3
54. c6 bxc6 55. f7 Rf8 56. b7 Kb2 57. Re8 Rh8 1-0

[Event "ch-RUS Blitz 2017"]
[Site "Sochi RUS"]
[Date "2017.10.02"]
[Round "6.24"]
[White "Inarkiev, Ernesto"]
[Black "Domogaev, Sergey"]
[Result "1-0"]
[WhiteTitle "GM"]
[BlackTitle "GM"]
[WhiteElo "2694"]
[BlackElo "2408"]
[WhiteFideId "4162722"]
[BlackFideId "24103608"]
[EventDate "2017.10.02"]
[EventType "blitz"]

1. e4 a6 2. d4 c5 3. d5 d6 4. a4 Nf6 5. Nc3 g6 6. Nf3 Bg7 7. Be2 O-O 8. O-O e5
9. dxe6 Bxe6 10. Ng5 Nc6 11. Nxe6 fxe6 12. Bc4 Qe7 13. f4 Rad8 14. Be3 Kh8 15.
Re1 Nh5 16. g3 Nd4 17. Bf1 b5 18. axb5 axb5 19. Nxb5 Nxb5 20. Bxb5 Bxb2 21. Rb1
Bc3 22. Qd3 Bxe1 23. Rxe1 Ng7 24. c4 Ra8 25. Rd1 Rfd8 26. Bd2 Kg8 27. Bc3 Ra3
28. Qd2 Qa7 29. Bf6 Ra2 30. Qc3 Rf8 31. Rxd6 Nh5 32. Be5 Ra3 33. Qe1 Rb3 34. Ra6
Qb7 35. Rxe6 1-0

[Event "ch-RUS Blitz 2017"]
[Site "Sochi RUS"]
[Date "2017.10.02"]
[Round "6.25"]
[White "Mnatsakanian, Arsen"]
[Black "Potapov, Pavel"]
[Result "1/2-1/2"]
[BlackTitle "GM"]
[WhiteElo "2200"]
[BlackElo "2479"]
[WhiteFideId "24189820"]
[BlackFideId "4169786"]
[EventDate "2017.10.02"]
[EventType "blitz"]

1. e4 c5 2. g3 Nc6 3. Bg2 g6 4. Ne2 Bg7 5. c3 d6 6. d4 cxd4 7. cxd4 Nf6 8. Nbc3
O-O 9. O-O e5 10. d5 Ne7 11. h3 h6 12. Be3 Kh7 13. Rc1 Bd7 14. Qb3 b6 15. Nb5
Ne8 16. a4 f5 17. f3 g5 18. Qa3 Bxb5 19. axb5 f4 20. Bf2 fxg3 21. Nxg3 Ng6 22.
Nf5 Nf4 23. Be3 Ne2+ 24. Kf2 Nxc1 25. Rxc1 Qd7 26. Bf1 Rxf5 27. exf5 Nf6 28. Rc6
Rd8 29. Bd3 Kh8 30. Be4 Bf8 31. Qc3 Qe8 32. Rc7 Rd7 33. Rxd7 Qxd7 34. Qc6 Be7
35. b4 Kg7 36. Kg3 Bd8 37. Bd2 Bc7 38. Qxd7+ Nxd7 39. h4 Bd8 40. hxg5 Bxg5 41.
Bxg5 hxg5 42. Kg4 Kf6 43. Kh5 Nb8 44. Bd3 Nd7 45. Be4 Nf8 46. Kh6 Nd7 47. Kh7
Kf7 48. Kh6 Kf6 49. Kh7 Kf7 50. Kh6 Kf6 1/2-1/2

[Event "ch-RUS Blitz 2017"]
[Site "Sochi RUS"]
[Date "2017.10.02"]
[Round "6.26"]
[White "Usmanov, Vasily"]
[Black "Bargandzhiya, Zaza"]
[Result "1-0"]
[WhiteTitle "IM"]
[WhiteElo "2459"]
[BlackElo "2094"]
[WhiteFideId "4135741"]
[BlackFideId "24180866"]
[EventDate "2017.10.02"]
[EventType "blitz"]

1. d4 Nf6 2. c4 e6 3. Nc3 Bb4 4. e3 O-O 5. Ne2 b6 6. a3 Be7 7. d5 Ba6 8. Nf4 e5
9. Nh5 d6 10. Nxf6+ Bxf6 11. g4 Nd7 12. Ne4 Nc5 13. Nxc5 bxc5 14. Bd3 Rb8 15. h4
e4 16. Bxe4 Bxb2 17. Bxh7+ Kh8 18. Bxb2 Rxb2 19. Bd3 Qf6 20. O-O Qxh4 21. Kg2
Kg8 22. Qf3 Qf6 23. Qxf6 gxf6 24. Rh1 Rd2 25. Bf5 Re8 26. Rh3 Bxc4 27. e4 Bd3
28. Re1 c4 29. Kf3 Kf8 30. Rh8+ Ke7 31. Rxe8+ Kxe8 32. Ke3 Ra2 33. Rh1 Rxa3 34.
Rh8+ Ke7 35. Rc8 Bf1+ 36. Kf4 Bg2 37. Rxc7+ Kf8 38. g5 fxg5+ 39. Kxg5 Kg7 40. f4
Rg3+ 41. Kh4 Rf3 42. Kg4 Re3 43. Be6 Bh3+ 44. Kg5 Bxe6 45. dxe6 Rxe4 46. Rxf7+
Kg8 47. f5 c3 48. Rc7 Re3 49. Rc8+ Kh7 50. Kf4 Rd3 51. e7 Rd4+ 52. Kf3 Rd3+ 53.
Kf2 Rd2+ 54. Ke1 Rd5 55. e8=Q Re5+ 56. Qxe5 dxe5 57. Rxc3 Kg7 58. Rc7+ 1-0

[Event "ch-RUS Blitz 2017"]
[Site "Sochi RUS"]
[Date "2017.10.02"]
[Round "6.27"]
[White "Zhakamukhov, Eduard"]
[Black "Popov, Mikhail"]
[Result "0-1"]
[BlackTitle "FM"]
[WhiteElo "1882"]
[BlackElo "2416"]
[WhiteFideId "34172316"]
[BlackFideId "4146182"]
[EventDate "2017.10.02"]
[EventType "blitz"]

1. e4 g6 2. d4 Bg7 3. Nf3 d6 4. Bc4 Nf6 5. Qe2 O-O 6. O-O Nc6 7. c3 e5 8. dxe5
dxe5 9. Rd1 Qe8 10. Bg5 h6 11. Bh4 a6 12. a4 Be6 13. Nbd2 Nh5 14. Bxe6 Qxe6 15.
Qc4 Qxc4 16. Nxc4 g5 17. Bg3 Nxg3 18. hxg3 Rfd8 19. g4 f6 20. Kf1 Bf8 21. Ke2
Kf7 22. Ne3 Na5 23. b4 Nc6 24. Nd5 Rac8 25. Rd2 a5 26. b5 Nb8 27. Rad1 Bc5 28.
c4 Rd6 29. Ne1 Nd7 30. Nc2 c6 31. Nde3 Rxd2+ 32. Rxd2 Nb6 33. Na1 Bxe3 34. fxe3
Ke6 35. c5 Nxa4 36. Rd6+ Ke7 37. bxc6 bxc6 38. Rd2 Nxc5 39. Ra2 a4 40. Nc2 Nxe4
41. Kd3 Nc5+ 42. Kc4 Nd7 43. Nb4 Kd6 44. Nd3 Rb8 45. Kc3 Nb6 46. Nf2 Nd5+ 47.
Kd2 Rb4 48. Rc2 a3 49. Ra2 Rb2+ 50. Rxb2 axb2 0-1

[Event "ch-RUS Blitz 2017"]
[Site "Sochi RUS"]
[Date "2017.10.02"]
[Round "7.1"]
[White "Grachev, Boris"]
[Black "Artemiev, Vladislav"]
[Result "1/2-1/2"]
[WhiteTitle "GM"]
[BlackTitle "GM"]
[WhiteElo "2654"]
[BlackElo "2692"]
[WhiteFideId "4129199"]
[BlackFideId "24101605"]
[EventDate "2017.10.02"]
[EventType "blitz"]

1. d4 Nf6 2. Bf4 g6 3. e3 Bg7 4. Nf3 c5 5. c3 cxd4 6. cxd4 O-O 7. Nc3 d6 8. Be2
Nc6 9. O-O Bf5 10. h3 Rc8 11. Rc1 Qb6 12. Na4 Qa5 13. Nc3 Nb4 14. Qd2 Nbd5 15.
Nxd5 Qxd5 16. b3 Be4 17. Rxc8 Rxc8 18. Rc1 Rxc1+ 19. Qxc1 Qc6 20. Qxc6 Bxc6 21.
Bg5 Nd5 22. Bc4 Kf8 23. Bxd5 Bxd5 24. Nd2 f5 25. Kf1 h6 26. Bf4 e5 27. dxe5 dxe5
28. Bh2 e4 29. Ke2 Ke7 30. Bb8 a6 31. Kd1 b5 32. Kc2 Kd7 33. h4 Kc6 34. Bf4 Bf6
35. g3 g5 36. hxg5 hxg5 37. Bb8 Kc5 38. Nb1 b4 39. Nd2 a5 40. Bc7 Kb5 41. Nb1 a4
42. Nd2 Be6 43. Bd6 Bd5 44. Nb1 Bd8 45. Nd2 Bb6 46. Nb1 axb3+ 47. axb3 Bd8 48.
Nd2 Bf6 49. Nb1 Bg7 50. Nd2 Bc3 51. Be7 g4 52. Bd6 Ka5 53. Be7 Kb5 54. Bd6 Bb7
55. Be7 Ba6 56. Bf8 Kc6 57. Kd1 Bd3 58. Be7 Kd5 59. Bf8 Kc6 60. Be7 Kb5 61. Bf8
Bf6 62. Bd6 Bd8 63. Bf8 f4 64. Bd6 fxe3 65. fxe3 Bb6 66. Bf4 Kc6 67. Kc1 Bd8 68.
Kd1 Bf6 1/2-1/2

[Event "ch-RUS Blitz 2017"]
[Site "Sochi RUS"]
[Date "2017.10.02"]
[Round "7.2"]
[White "Jakovenko, Dmitry"]
[Black "Demidov, Mikhail"]
[Result "1/2-1/2"]
[WhiteTitle "GM"]
[BlackTitle "IM"]
[WhiteElo "2710"]
[BlackElo "2521"]
[WhiteFideId "4122356"]
[BlackFideId "4197143"]
[EventDate "2017.10.02"]
[EventType "blitz"]

1. e4 e6 2. d4 d5 3. Nc3 Be7 4. Bd3 c5 5. dxc5 Nf6 6. exd5 exd5 7. Nf3 O-O 8.
O-O Nbd7 9. Bf5 Nxc5 10. Bxc8 Rxc8 11. Be3 Nce4 12. Bd4 Bc5 13. Ne2 Qb6 14. Rb1
Rfe8 15. c3 Qa6 16. a3 Bd6 17. Bxf6 Nxf6 18. Ned4 g6 19. Re1 Re4 20. Nd2 Rxe1+
21. Qxe1 Re8 22. Qf1 Qb6 23. g3 a6 24. N2f3 Bc5 25. Qd3 Kg7 26. Kg2 Re4 27. Qc2
h6 28. Rd1 Qc7 29. Rd2 Qe7 30. Qd3 Qc7 31. Re2 Qb6 32. Rd2 Qc7 33. Re2 Qb6 1/2-1/2

[Event "ch-RUS Blitz 2017"]
[Site "Sochi RUS"]
[Date "2017.10.02"]
[Round "7.3"]
[White "Tsydypov, Zhamsaran"]
[Black "Moskalenko, Alexander"]
[Result "1-0"]
[WhiteTitle "IM"]
[BlackTitle "IM"]
[WhiteElo "2529"]
[BlackElo "2531"]
[WhiteFideId "4108566"]
[BlackFideId "4155351"]
[EventDate "2017.10.02"]
[EventType "blitz"]

1. e4 e6 2. d4 d5 3. Nc3 Nf6 4. Bg5 dxe4 5. Nxe4 Nbd7 6. Nf3 h6 7. Nxf6+ Nxf6 8.
Bh4 c5 9. c3 cxd4 10. Nxd4 Bd7 11. Bd3 Bc5 12. Bc2 Qb6 13. Nb3 Be7 14. O-O Bb5
15. Re1 Rd8 16. Nd4 Bc6 17. Qe2 g5 18. Bg3 Bd7 19. Nf5 Kf8 20. Rad1 Bc8 21. Nxe7
Kxe7 22. Be5 Rxd1 23. Qxd1 Rd8 24. Qf3 Ne8 25. Bb3 Bd7 26. Bd4 Qc6 27. Qh5 Bc8
28. Qxh6 b6 29. Qxg5+ f6 30. Qh6 Qd6 31. Qh7+ Kf8 32. Re3 Rd7 33. Qh8+ Ke7 34.
Rxe6+ Qxe6 35. Bxe6 1-0

[Event "ch-RUS Blitz 2017"]
[Site "Sochi RUS"]
[Date "2017.10.02"]
[Round "7.4"]
[White "Timofeev, Artyom"]
[Black "Andreikin, Dmitry"]
[Result "0-1"]
[WhiteTitle "GM"]
[BlackTitle "GM"]
[WhiteElo "2549"]
[BlackElo "2708"]
[WhiteFideId "4140419"]
[BlackFideId "4158814"]
[EventDate "2017.10.02"]
[EventType "blitz"]

1. c4 e5 2. d3 g6 3. Nc3 Bg7 4. g3 Ne7 5. Bg2 O-O 6. e4 d6 7. Nge2 c6 8. O-O a6
9. a3 b5 10. cxb5 axb5 11. b4 Be6 12. Be3 Nd7 13. h3 Qb8 14. Kh2 Ra6 15. d4 Bc4
16. Re1 exd4 17. Bxd4 Ne5 18. Qd2 Rd8 19. Qe3 c5 20. bxc5 N7c6 21. Bxe5 Nxe5 22.
Red1 dxc5 23. Rxd8+ Qxd8 24. Qxc5 Nd3 25. Qe3 b4 26. e5 bxc3 27. Nxc3 Bxe5 28.
Qe4 Bxc3 29. Qxc4 Bxa1 30. Qxa6 Nxf2 31. Qe2 Bd4 32. a4 h5 33. Qf3 h4 34. gxh4
Qd6+ 35. Kg1 Ng4+ 0-1

[Event "ch-RUS Blitz 2017"]
[Site "Sochi RUS"]
[Date "2017.10.02"]
[Round "7.5"]
[White "Rakhmanov, Aleksandr"]
[Black "Khismatullin, Denis"]
[Result "0-1"]
[WhiteTitle "GM"]
[BlackTitle "GM"]
[WhiteElo "2669"]
[BlackElo "2628"]
[WhiteFideId "4173708"]
[BlackFideId "4142578"]
[EventDate "2017.10.02"]
[EventType "blitz"]

1. c4 c5 2. Nf3 Nc6 3. Nc3 Nf6 4. e3 e6 5. d4 d5 6. a3 cxd4 7. exd4 Ne4 8. Bd3
Nxc3 9. bxc3 dxc4 10. Bxc4 Be7 11. O-O O-O 12. Bd3 b6 13. Qc2 h6 14. Qe2 Qd6 15.
Re1 Bd7 16. a4 Qc7 17. Bd2 Rfe8 18. Qe4 f5 19. Qe2 Bf6 20. Bc4 Kh7 21. Qd3 Kh8
22. h4 e5 23. dxe5 Nxe5 24. Nxe5 Bxe5 25. Bf7 Re7 26. Bg6 Rd8 27. Qc2 Qd6 28. h5
Bxa4 29. Rxa4 Qxd2 30. Qxd2 Rxd2 31. Kf1 Rd8 32. f4 Bf6 33. Rxe7 Bxe7 34. Rxa7
Bf6 35. c4 Bd4 36. Rb7 Rc8 37. Bxf5 Rf8 38. g4 Bc5 39. Kg2 Kg8 40. Kf3 Re8 41.
g5 Kh8 42. gxh6 gxh6 43. Rh7+ Kg8 44. Rxh6 Re3+ 45. Kg4 Rc3 46. Rg6+ Kh8 47. Be6
Rc1 48. Kf5 Rg1 49. Rf6 Kh7 50. Bd5 Rg7 51. h6 Rg1 52. Be4 Rg3 53. Ke6+ Kg8 54.
Rf7 Re3 55. h7+ Kh8 56. Kd5 Re1 57. Rb7 Rd1+ 58. Ke6 Rd8 59. Bg6 Rd6+ 60. Kf5
Rd8 61. Kg4 Bd4 62. Kg5 Be3 63. Kg4 Rc8 64. Re7 Bc5 65. f5 Bxe7 0-1

[Event "ch-RUS Blitz 2017"]
[Site "Sochi RUS"]
[Date "2017.10.02"]
[Round "7.6"]
[White "Fedoseev, Vladimir3"]
[Black "Alekseenko, Kirill"]
[Result "1-0"]
[WhiteTitle "GM"]
[BlackTitle "GM"]
[WhiteElo "2731"]
[BlackElo "2563"]
[WhiteFideId "24130737"]
[BlackFideId "4135539"]
[EventDate "2017.10.02"]
[EventType "blitz"]

1. Nf3 d5 2. b3 Nf6 3. Bb2 Bf5 4. e3 e6 5. Be2 c6 6. Nh4 Bg6 7. d3 a5 8. a3 Bd6
9. Nd2 Na6 10. h3 O-O 11. Nxg6 hxg6 12. d4 Qc7 13. O-O e5 14. c4 exd4 15. Bxd4
Be5 16. Nf3 Bxd4 17. Qxd4 Rfd8 18. Qc3 Nc5 19. cxd5 Nce4 20. Qc2 Rxd5 21. b4
Rad8 22. Bc4 R5d7 23. Nd4 Qe5 24. Rad1 axb4 25. axb4 g5 26. Nf3 Qe7 27. Rxd7
Rxd7 28. b5 c5 29. Qb2 g4 30. Ne5 Rd2 31. Qa1 Nd6 32. hxg4 Nfe4 33. Bd3 Qe8 34.
Bxe4 Nxe4 35. Nf3 Rd6 36. Qb1 Rg6 37. Qd3 Rxg4 38. Qd5 b6 39. Rc1 Qe6 40. Qxe6
fxe6 41. Ne5 Rg5 42. Nc4 Rf5 43. f3 Ng3 44. Kf2 Ne4+ 45. Ke1 Nf6 46. Ke2 Nd5 47.
e4 Nf4+ 48. Kf1 Rh5 49. Rc2 Rh1+ 50. Kf2 Rb1 51. Ke3 g5 52. g3 Rb3+ 53. Kf2 Nd3+
54. Ke2 Nb4 55. Rb2 Rc3 56. Nxb6 Nd3 57. Rb1 Ne5 58. Na4 Rxf3 59. Nxc5 Rxg3 60.
b6 Rg2+ 61. Kf1 Rg4 62. b7 Nc6 63. Rb6 Nb8 64. Rd6 Kf7 65. Rd8 Nc6 66. Rc8 Rf4+
67. Ke2 1-0

[Event "ch-RUS Blitz 2017"]
[Site "Sochi RUS"]
[Date "2017.10.02"]
[Round "7.7"]
[White "Bocharov, Dmitry"]
[Black "Kezin, Roman"]
[Result "1-0"]
[WhiteTitle "GM"]
[BlackTitle "FM"]
[WhiteElo "2585"]
[BlackElo "2455"]
[WhiteFideId "4138716"]
[BlackFideId "24124621"]
[EventDate "2017.10.02"]
[EventType "blitz"]

1. Nf3 d5 2. g3 Nf6 3. Bg2 e6 4. O-O Be7 5. b3 O-O 6. Bb2 c5 7. c4 d4 8. e3 Nc6
9. exd4 cxd4 10. Re1 Re8 11. a3 a5 12. d3 Bf8 13. Ne5 Nxe5 14. Rxe5 Nd7 15. Re1
Nc5 16. b4 axb4 17. axb4 Rxa1 18. Bxa1 Na6 19. b5 Nc5 20. Bb2 Qa5 21. Re2 Rd8
22. Ba3 Qc7 23. Bxc5 Bxc5 24. Nd2 Bb4 25. Qa4 Be7 26. Nf3 Bc5 27. h4 h6 28. Nd2
Bd7 29. Ne4 b6 30. Ra2 e5 31. Qa7 Qc8 32. Nxc5 Qxc5 33. Ra6 Bf5 34. Bd5 Rxd5 35.
Qa8+ Kh7 36. Qxd5 Qb4 37. Qxe5 Qb1+ 38. Kh2 Qxd3 39. Ra1 Qf3 40. Qf4 Qd3 41. Re1
Be6 42. Re4 Qxc4 43. Rxd4 Qxb5 44. Rb4 Qc5 45. Qd4 Qxd4 46. Rxd4 b5 47. g4 Bc4
48. Kg3 f6 49. Rd6 Kg6 50. Rb6 Bd3 51. f4 Bc4 52. f5+ Kh7 53. Rb7 Kg8 54. Kf4
Be2 55. g5 hxg5+ 56. hxg5 fxg5+ 57. Kxg5 Bd3 58. Kg6 Kf8 59. Rf7+ Ke8 60. Rxg7
Bc4 61. Rb7 Bd3 62. Kf6 Kd8 63. Ke5 Bc4 64. f6 Ke8 65. Kf5 Kf8 66. Rd7 Ke8 67.
Rd4 Kf8 68. Kg6 Bf7+ 69. Kh6 Bc4 70. Rd7 Be6 71. Re7 Bc4 72. Rb7 Bd3 73. Rd7 Be4
74. Rd4 Bc2 75. Rd7 Be4 76. Re7 Bc2 77. Rb7 Bd3 78. Kg5 Kg8 79. Kf4 Kf8 80. Ke5
Bc4 81. Rd7 Bb3 82. Rc7 Bc4 83. Kf5 Bd3+ 84. Kg5 Be4 85. Rc5 Bd3 86. Rd5 Be4 87.
Rxb5 Bd3 88. Rd5 Be4 89. Rd7 Bc2 90. Rc7 Bd3 91. Kf4 Bb1 92. Ke5 Ba2 93. Ra7 Bb3
94. Rc7 Ba2 95. Rb7 Bc4 96. Rb4 Ba2 97. Kf5 Bd5 98. Rb5 Bc4 99. Rc5 Ba2 100.
Rc8+ Kf7 101. Rc7+ Kf8 102. Ke5 Bb3 103. Ra7 Bc4 104. Rb7 Ba2 105. Kf5 Bc4 106.
Kg5 Bd5 107. Rc7 Ba2 108. f7 Bxf7 109. Kf6 Be8 110. Rc8 1-0

[Event "ch-RUS Blitz 2017"]
[Site "Sochi RUS"]
[Date "2017.10.02"]
[Round "7.8"]
[White "Morozevich, Alexander"]
[Black "Potkin, Vladimir"]
[Result "1-0"]
[WhiteTitle "GM"]
[BlackTitle "GM"]
[WhiteElo "2676"]
[BlackElo "2574"]
[WhiteFideId "4116992"]
[BlackFideId "4131061"]
[EventDate "2017.10.02"]
[EventType "blitz"]

1. e4 e6 2. d4 d5 3. Nc3 Nf6 4. e5 Nfd7 5. Nce2 c5 6. c3 Nc6 7. f4 Be7 8. Nf3
O-O 9. h4 b5 10. Ng5 h6 11. Qd3 f5 12. Nxe6 Ndxe5 13. fxe5 Bxe6 14. Nf4 Qd7 15.
Qg3 cxd4 16. Nh5 Rf7 17. Bxh6 f4 18. Nxf4 Nxe5 19. Be2 Kh7 20. Bg5 Raf8 21. O-O
dxc3 22. bxc3 Bg4 23. Bxe7 Rxe7 24. Rae1 Ref7 25. Bxb5 Qxb5 26. Rxe5 Qc4 27.
Qxg4 Qxf1+ 28. Kxf1 Rxf4+ 29. Qxf4 Rxf4+ 30. Ke2 Rxh4 31. Rxd5 Ra4 32. Rd2 Kg6
33. Kd3 Kf5 34. Re2 a5 35. c4 Rb4 36. Kd4 Rb8 37. c5 Rd8+ 38. Kc4 1-0

[Event "ch-RUS Blitz 2017"]
[Site "Sochi RUS"]
[Date "2017.10.02"]
[Round "7.9"]
[White "Gogolev, Artem"]
[Black "Alekseev, Evgeny"]
[Result "0-1"]
[BlackTitle "GM"]
[WhiteElo "2408"]
[BlackElo "2622"]
[WhiteFideId "4116615"]
[BlackFideId "4138147"]
[EventDate "2017.10.02"]
[EventType "blitz"]

1. Nf3 c5 2. c4 Nc6 3. Nc3 g6 4. e3 Nf6 5. d4 cxd4 6. exd4 d5 7. cxd5 Nxd5 8.
Bc4 Nb6 9. Bb5 Bg7 10. O-O O-O 11. Bxc6 bxc6 12. h3 Rb8 13. Qe2 Nd5 14. Bg5 Re8
15. Rac1 Qa5 16. Rfe1 Ba6 17. Qd2 e6 18. Bf4 Nxf4 19. Qxf4 Qf5 20. Qxf5 gxf5 21.
b3 Red8 22. Na4 Bxd4 23. Rxc6 Bb5 24. Nxd4 Rxd4 25. Rc2 Bxa4 26. bxa4 Rxa4 27.
g3 Rb7 28. h4 Kg7 29. Kg2 Ra3 30. Re5 Rd7 31. Rb5 Ra4 32. Rbc5 h6 33. R5c4 Rxc4
34. Rxc4 Rd5 35. Ra4 a5 36. Rc4 Kf6 37. a4 Re5 38. Kf3 Rd5 39. Kf4 e5+ 40. Ke3
Kg6 41. Rc6+ f6 42. Ra6 h5 43. Rb6 Rc5 44. Rb5 Rc3+ 45. Ke2 Rc4 46. Rxa5 f4 47.
Kf3 fxg3 48. Kxg3 Kf5 49. Ra8 Rc3+ 50. Kg2 Kg4 51. Rf8 Rc6 52. a5 Ra6 53. Rf7
Kxh4 54. Kf3 Kg5 55. Ke4 Kg6 56. Rf8 Rxa5 57. Rg8+ Kh7 58. Rd8 Ra4+ 59. Kf3 Kg6
60. Rg8+ Kf5 61. Rh8 h4 62. Rh5+ Kg6 63. Rh8 Kg5 64. Rg8+ Kf5 65. Rh8 Ra3+ 66.
Kg2 Kg4 67. Rg8+ Kf4 68. Rh8 h3+ 69. Kh2 Ra2 70. Kg1 Ra3 71. Rh6 f5 72. Rf6 e4
73. Rf8 Ra1+ 74. Kh2 Ra2 75. Kxh3 Rxf2 0-1

[Event "ch-RUS Blitz 2017"]
[Site "Sochi RUS"]
[Date "2017.10.02"]
[Round "7.10"]
[White "Savchenko, Boris"]
[Black "Palchun, Grigory"]
[Result "1-0"]
[WhiteTitle "GM"]
[WhiteElo "2581"]
[BlackElo "2441"]
[WhiteFideId "4147332"]
[BlackFideId "24147338"]
[EventDate "2017.10.02"]
[EventType "blitz"]

1. e4 e5 2. Nf3 Nc6 3. Bc4 Bc5 4. c3 Nf6 5. d3 d6 6. Bb3 h6 7. Nbd2 Qe7 8. Qe2
a6 9. h3 Be6 10. Bc2 Ba7 11. a4 g5 12. b4 g4 13. hxg4 Nxg4 14. Rf1 Bb6 15. Bb2
f5 16. exf5 Bxf5 17. Nc4 Ba7 18. b5 Nd8 19. Ne3 Be6 20. d4 exd4 21. cxd4 Nxe3
22. fxe3 a5 23. d5 1-0

[Event "ch-RUS Blitz 2017"]
[Site "Sochi RUS"]
[Date "2017.10.02"]
[Round "7.11"]
[White "Murzin, Volodar"]
[Black "Zvjaginsev, Vadim"]
[Result "1/2-1/2"]
[WhiteTitle "FM"]
[BlackTitle "GM"]
[WhiteElo "2280"]
[BlackElo "2643"]
[WhiteFideId "44155573"]
[BlackFideId "4113403"]
[EventDate "2017.10.02"]
[EventType "blitz"]

1. Nf3 d5 2. g3 c5 3. Bg2 Nc6 4. O-O e5 5. d3 Be7 6. c4 d4 7. e3 Nf6 8. exd4
exd4 9. Re1 O-O 10. Bf4 Nh5 11. Bc1 Nf6 12. Bf4 Nh5 13. Bc1 Nf6 14. Bf4 Nh5 1/2-1/2